| 000 | 00639nam a22001817a 4500 | ||
|---|---|---|---|
| 999 |
_c14934 _d14934 |
||
| 003 | OSt | ||
| 082 | _2631.3 ANO/ST | ||
| 088 | _aP 221 | ||
| 100 |
_aANOOP V.V _aARUN ASHOK _aDHANANJAY KUMAR _aSAMEER MOHAMED _93643 |
||
| 245 | _aStatus of dewatering in kole lands of Kerala | ||
| 260 |
_aTavanur 2010 _bKelappaji College of Agricultural Engineering and Technology |
||
| 300 | _a48 | ||
| 500 | _aStatus of dewatering in kole lands of Kerala | ||
| 520 | _aStatus of dewatering in kole lands of Kerala | ||
| 700 |
_aDr.M Sivaswami (Guide) _93547 |
||
| 856 | _uhttps://drive.google.com/open?id=1N-9CcLr5vF8rOYIBnmFlZLkQywRLirHX | ||
| 942 | _cPR | ||